New Headway English Course. Upper-intermediate. Student`s book

Salvato in:
Dettagli Bibliografici
Autori principali: Soars, Liz, Soars, John (Autore)
Natura: Libro
Lingua:inglese
Pubblicazione: Oxford Oxford University Press 1999
Edizione:1. publish.-dotlač.
Soggetti:
Accesso online:Visualizza in OPAC
Tags: Aggiungi Tag
Nessun Tag, puoi essere il primo ad aggiungerne!!

MARC

LEADER 00000nam a2200000 a 4500
005 20260127134354.0
008 050808s1999 uk 000 0 eng
020 |a 0194358003 
035 |a vtls008238012 
035 |a SVKPOKN049491 
039 9 |a 201012211127  |b msnk88  |c 200911122026  |d msvkpo04  |c 200605241016  |d mschk03  |c 200508100221  |d VLOAD  |y 200508090140  |z VLOAD 
040 |a SVKPOKN  |b slo  |c SVKPOKN  |d SVKPO  |d STUSCHK1  |e AACR2 
041 0 |a eng 
044 |a uk  |c GB 
080 |a 802.0(075) 
100 1 |a Soars, Liz 
245 1 0 |a New Headway English Course. Upper-intermediate. Student`s book  |c Liz Soars, John Soars 
250 |a 1. publish.-dotlač. 
260 |a Oxford  |b Oxford University Press  |c 1999 
300 |a 159 s.  |b ilustr. 
650 0 7 |a tlač 
653 |a angličtina-učebnice 
655 7 |a učebnice  |2 svkpo 
700 1 |a Soars, John  |4 aut 
910 |a svkponkat 
910 |a SCHK95 
919 |a 0-19-435800-3 
999 |c 11129  |d 11129